Historia de la literatura española
Αποθηκεύτηκε σε:
| Κύριος συγγραφέας: | |
|---|---|
| Μορφή: | Βιβλίο |
| Γλώσσα: | Ισπανικά |
| Έκδοση: |
Barcelona
Gustavo Gili
1953
|
| Έκδοση: | 4a. ed |
| Θέματα: | |
| Ετικέτες: |
Προσθήκη ετικέτας
Δεν υπάρχουν, Καταχωρήστε ετικέτα πρώτοι!
|
MARC
| LEADER | 00000nam a2200000 a 4500 | ||
|---|---|---|---|
| 001 | UCR6828 | ||
| 003 | CL-VaPUC | ||
| 005 | 20220514074101.0 | ||
| 008 | 980423e19530000SP |||||||||||||||||spa|d | ||
| 999 | |c 268733 |d 268731 | ||
| 040 | |c Pontificia Universidad Católica de Valparaíso | ||
| 082 | 0 | 4 | |a 860.9 |b VAL |2 21 |
| 100 | 0 | |a Valbuena Prat, Angel |e author |9 407993 | |
| 245 | 1 | 0 | |a Historia de la literatura española |
| 250 | |a 4a. ed | ||
| 260 | |a Barcelona |b Gustavo Gili |c 1953 | ||
| 300 | |a v | ||
| 500 | |a v.5: Literatura Hispanoamericana | ||
| 583 | |a last modification |c 19980423 00:00:00 |k Rodrigo Vera | ||
| 600 | 0 | |a Cervantes y Saavedra, Miguel de |9 267947 | |
| 600 | 0 | 7 | |a ALEMAN, MATEO |2 CL-VaPUC |9 376865 |
| 600 | 0 | 7 | |a QUEVEDO, FRANCISCO DE |2 CL-VaPUC |9 254892 |
| 600 | 0 | 7 | |a GONGORA Y ARGOTE, LUIS DE |2 CL-VaPUC |9 267951 |
| 600 | 0 | 7 | |a VEGA, LOPE DE |2 CL-VaPUC |9 319628 |
| 600 | 0 | 7 | |a Tirso de Molina, |d 1579?-1648 |9 866676 |
| 600 | 0 | 7 | |a CALDERON DE LA BARCA, PEDRO |2 CL-VaPUC |9 316207 |
| 650 | 0 | |a Literatura española |9 306261 | |
| 650 | 0 | |a Historia y crítica |9 257407 | |
| 650 | 0 | |a Poesía española |9 264938 | |
| 650 | 0 | |a Teatro español |9 265077 | |
| 650 | 7 | |a NOVELA ESPAÑOLA |2 CL-VaPUC |9 313139 | |
| 650 | 0 | |a Crítica e interpretación |9 255042 | |
| 942 | |c BK |2 ddc | ||
| 945 | |d 19980423 00:00:00 |a lriquelm | ||
| 952 | |0 0 |1 0 |4 0 |6 860_900000000000000_VAL_1953 |7 0 |8 X |9 302017 |a BIBEDU |b BIBEDU |d 2019-11-20 |h v.5 |i 198344K |o 860.9 VAL 1953 |p 198344K |r 2023-01-13 |w 2019-11-20 |y BK_X |k LIT | ||
| 952 | |0 0 |1 0 |4 0 |6 860_900000000000000_VAL_1953 |7 0 |8 X |9 302018 |a BIBEDU |b BIBEDU |d 2019-11-20 |h v.1 |i 3798097 |o 860.9 VAL 1953 |p 3798097 |r 2023-01-13 |w 2019-11-20 |y BK_X |k LIT | ||
| 952 | |0 0 |1 0 |4 0 |6 860_900000000000000_VAL_1953 |7 0 |8 X |9 302019 |a BIBEDU |b BIBEDU |d 2019-11-20 |h v.2 |i 3798100 |o 860.9 VAL 1953 |p 3798100 |r 2023-01-13 |w 2019-11-20 |y BK_X |k LIT | ||
| 952 | |0 0 |1 0 |4 0 |6 860_900000000000000_VAL_1953 |7 0 |8 X |9 302020 |a BIBEDU |b BIBEDU |d 2019-11-20 |h v.3 |i 3798119 |o 860.9 VAL 1953 |p 3798119 |r 2023-01-13 |w 2019-11-20 |y BK_X |k LIT | ||